| 000 | 00657nas a2200229 4500 | ||
|---|---|---|---|
| 001 | BR7806006 | ||
| 003 | BR-BrBNA | ||
| 005 | 20231205083526.0 | ||
| 007 | ta | ||
| 008 | 230509b bl.|||p| |||| 00| 00por d | ||
| 040 |
_aBR-BrBNA _bpor _cBiblioteca Nacional de Agricultura |
||
| 041 | _a(Pt) | ||
| 072 | _aK20 | ||
| 100 | 1 | _aAnon. | |
| 245 | 1 | _aPolitica florestal na Amazonia [Brasil] | |
| 650 | _aPOLITICA FLORESTAL | ||
| 650 | _aADMINISTRACAO FLORESTAL | ||
| 650 | _aAMAZONIA | ||
| 773 | 0 |
_tRevista da Madeira (Brazil) _xISSN 0034-7582 _g(Aug 1978), v. 27(320) p. 33-34 _wBR7806006 |
|
| 909 |
_a202311 _bLúcia _c55 _dLúcia Elande |
||
| 942 |
_2AGRIS _n0 _cANA |
||
| 999 |
_c99396 _d99396 |
||